000 01070cam a2200241 4500
001 WB4037-15
008 040928n2004 000 0 eng u
035 _a(Sirsi) u127545
245 _aEarly rights of access for walkers
260 _c2004
490 _aDEFRA News Release
_v 24 September 2004 (2)
520 _aAccess to open country in central and southern England under the Countryside and Rights of Way Act 2000 will begin on 14 December 2004. On 19 September, designated countryside in the lower northwest and southeast regions became the first regions to be made officially accessible to walkers. Includes the current timetable of commencement dates for rights of access in each mapping area. For the DEFRA news release: http://www.defra.gov.uk/news/2004/040924a.htm
590 _aWB
590 _aWB
650 _aCOUNTRYSIDE AND RIGHTS OF WAY ACT 2004
650 _aRIGHTS OF WAY
650 _aWALKERS
650 _aCOUNTRYSIDE ACCESS
650 _aENGLISH REGIONS
650 _aCOMMON LAND
690 _aPROPERTY AND LAND LAW
942 _n0
999 _c118073
_d118073